000 00991nam a22002657a 4500
005 20170530142648.0
010 _a1617EN ENG-116889
020 _a9788126560837
_c599.00
035 _a1617EN
035 _aB-650942-974
035 _aEN-100421
035 _aB-667475
037 _bBSB
037 _bDBAD/PUB
082 _a000
245 _aSBI clerk exam goalpost:
_bprelims & mains /
260 _c2016
_aNew Delhi
_bJohn Wiley
270 _a4435-36/7, Ansari Road,Daryaganj
_bNew Delhi
_e110002
300 _c25cm(pbk)
_axvi,572p
_bill.
500 _aBig Book
500 _aincludes index
942 _cEN
_2ddc
_h000
_mSBI
999 _c101863
_d101863